000 00624nam a2200241Ia 4500
003 OSt
005 20220918215507.0
006 a|||||r|||| 00| 0
007 ta
008 220917b |||||||| |||| 00| 0 eng d
024 _a141,504
037 _cTextual
040 _aARTS
_cARTS
_beng
041 _2eng
_aeng
082 _aY1:5::73:N5, J2
100 _aCompany J Walter Thompson ed
_9134254
245 0 _aPopulation and its distribution
250 _a7th
260 _c1952
650 _aSOCIOLOGY
942 _hY1:5::73:N5, J2
_cTEXL
_2CC
999 _c264465
_d264465